000 00405nam a22001577a 4500
005 20251108175619.0
008 250721s2019 xx 000 0 eng d
082 1 4 _aJ/F/MY
245 1 0 _aBIG BOOK MY FAMILY /
264 _bHOME APPLIED TRAINING,
_c2019.
300 _a64P.
650 1 7 _aFiction
653 _aاطفال مرحلة متوسطة(6-9) سنوات
942 _2ddc
_cBK
999 _c138282
_d138282